Porovnanie bánk podľa hlavných ukazovateľov

Úloha bánk na finančnom trhu. Špecializované štátne peňažné ústavy na Slovensku. Profilácia VÚB a Slovenskej sporiteľne. Rizikovosť úverových portfólií. Československá obchodná banka, a.s. Bratislava. Expanzia Tatra banky. Ziskovosť Poľnobanky. Dcérske pobočky zahraničných bánk.

Saved in:
Bibliographic Details
Main Author: Kovalčík, J.
Other Authors: Kubinec, S.
Format: Book Chapter
Language:Slovak
Subjects:
Tags: Add Tag
No Tags, Be the first to tag this record!

MARC

LEADER 00000naa a2200000 4500
001 r021795
005 20230921075142.0
041 0 |a slo 
044 |a SK 
245 1 0 |a Porovnanie bánk podľa hlavných ukazovateľov  |c J. Kovalčík, S. Kubinec 
520 |a Úloha bánk na finančnom trhu. Špecializované štátne peňažné ústavy na Slovensku. Profilácia VÚB a Slovenskej sporiteľne. Rizikovosť úverových portfólií. Československá obchodná banka, a.s. Bratislava. Expanzia Tatra banky. Ziskovosť Poľnobanky. Dcérske pobočky zahraničných bánk. 
610 2 0 |a bankovníctvo 
610 2 0 |a banky 
610 2 0 |a VÚB, a.s. Bratislava 
610 2 0 |a Slovenská sporiteľňa, a.s. Bratislava 
610 2 0 |a ČSOB, a.s. Bratislava 
610 2 0 |a Tatrabanka, a.s. Bratislava 
610 2 0 |a Poľnobanka, a.s. Bratislava 
610 2 0 |a trh finančný 
100 1 |a Kovalčík, J. 
700 1 |a Kubinec, S.